000 00348nam a2200145Ia 4500
008 100122s9999 xx 000 0 und d
082 _b66707
_a823
100 _aDRURY A
245 _aADVISE & CONSENT
260 _bCOLLINS CLEAR TYPE PRESS
_c1959
300 _a638
630 _aADVISE & CONSENT
730 _aADVISE & CONSENT
942 _cBOOK
999 _c380584
_d380581